LIBRARY & INFORMATION CENTRE, KCAET, TAVANUR

ONLINE PUBLIC ACCESS CATALOGUE (OPAC)

Design of Water Resources System (Record no. 14604)

MARC details
000 -LEADER
fixed length control field 00286nam a22001217a 4500
020 ## - INTERNATIONAL STANDARD BOOK NUMBER
ISBN 9780727730985
082 ## - DEWEY DECIMAL CLASSIFICATION NUMBER
Classification number 627.
Item number PUR/DE
100 ## - MAIN ENTRY--AUTHOR NAME
Personal name Purcell,Patrick
245 ## - TITLE STATEMENT
Title Design of Water Resources System
260 ## - PUBLICATION, DISTRIBUTION, ETC. (IMPRINT)
Place of publication London
Name of publisher ICE Publishing
Year of publication 2014
300 ## - PHYSICAL DESCRIPTION
Number of Pages 222
942 ## - ADDED ENTRY ELEMENTS (KOHA)
Koha item type Books
Holdings
Withdrawn status Lost status Damaged status Collection code Home library Current library Shelving location Date acquired Source of acquisition Cost, normal purchase price Full call number Accession Number Koha item type
        KAUAET KAUAET General Stacks 20/07/2016 Dream Tech, Trivandrum 5533.00 627. PUR/DE 24774 Books
free website counter